Mirror of her Own (Record no. 1633)

MARC details
000 -LEADER
fixed length control field 00273nam a22001097a 4500
008 - FIXED-LENGTH DATA ELEMENTS--GENERAL INFORMATION
fixed length control field 160704b xxu||||| |||| 00| 0 eng d
100 ## - MAIN ENTRY--PERSONAL NAME
9 (RLIN) 1931
Personal name Guy, R
245 ## - TITLE STATEMENT
Title Mirror of her Own
260 ## - PUBLICATION, DISTRIBUTION, ETC. (IMPRINT)
Place of publication, distribution, etc. N.Y
Name of publisher, distributor, etc. Delacorte Press
Date of publication, distribution, etc. 1981
300 ## - PHYSICAL DESCRIPTION
Extent Mirror of her Own
942 ## - ADDED ENTRY ELEMENTS (KOHA)
Source of classification or shelving scheme Dewey Decimal Classification
Koha item type BOOK
Holdings
Withdrawn status Lost status Source of classification or shelving scheme Damaged status Not for loan Home library Current library Shelving location Date acquired Total Checkouts Full call number Barcode Date last seen Price effective from Koha item type
    Dewey Decimal Classification     Good Samaritan School Library Good Samaritan School Library FICTION 07/04/2016   823 GUY1329 07/04/2016 07/04/2016 BOOK

Powered by Koha